Statistics for Chelsea F.C. 2019/2020 Squad

Click here to take the quiz!

General Stats

  • This quiz has been taken 1,759 times
    (1,686 since last reset)
  • The average score is 21 of 25

Answer Stats

No.Answer% Correct
1Spain (GK)Kepa Arrizabalaga
98%
7France (MF)N'Golo Kanté
97%
2Germany (DF)Antonio Rüdiger
95%
22United States (FW)Christian Pulisic
94%
5Italy (MF)Jorginho
94%
-England (MAN)Frank Lampard
93%
19England (MF)Mason Mount
93%
17Croatia (MF)Mateo Kovačić
91%
10Brazil (FW)Willian
91%
4Denmark (DF)Andreas Christensen
90%
3Spain (DF)Marcos Alonso
90%
9England (FW)Tammy Abraham
90%
28Spain (DF)César Azpilicueta
88%
11Spain (FW)Pedro
86%
13Argentina (GK)Willy Caballero
85%
18France (FW)Olivier Giroud
83%
15France (DF)Kurt Zouma
80%
8England (MF)Ross Barkley
77%
33Italy (DF)Emerson Palmieri
75%
20England (FW)Callum Hudson-Odoi
74%
24England (DF)Reece James
71%
12England (MF)Ruben Loftus-Cheek
70%
23Belgium (FW)Michy Batshuayi
68%
29England (DF)Fikayo Tomori
67%
31England (GK)Jamie Cumming
30%

Score Distribution

Percentile by Number Answered

Percent of People with Each Score

Your Score History

You have not taken this quiz since the last reset